000 00751nam a2200217 a 4500
999 _c3808
_d3808
001 3808
003 BD-JhCC
005 20171118191608.0
008 171021s1990 bg |||| ||a| 00| 0 ben d
035 _a(BD-JhCC)
040 _aBD-JhCC
_dBD-JhCC
041 _aben
082 _a320.014
_bAKA 1990
100 _aআকাশ, এম এম
245 _aভাষা-আন্দোলন : শ্রেণীভিক্তি ও রাজনৈতিক প্রবণতাসমূহ /
_cএম এম আকাশ
260 _aঢাকা :
_bইউনিভার্সিটি প্রেস লিমিটেড,
_c1990
300 _a72 p. :
_c22 cm.
650 _aBengali Language
_zBangladesh
942 _2ddc
_cBK